Apuntes de derecho del trabajo
Gorde:
| Egile nagusia: | |
|---|---|
| Formatua: | Liburua |
| Hizkuntza: | gaztelania |
| Argitaratua: |
Santiago
Jurídica de Chile
1969
|
| Edizioa: | 7a. ed |
| Saila: | Apuntes de Clases, 10
|
| Gaiak: | |
| Etiketak: |
Etiketa erantsi
Etiketarik gabe, Izan zaitez lehena erregistro honi etiketa jartzen!
|
MARC
| LEADER | 00000nam a2200000 a 4500 | ||
|---|---|---|---|
| 001 | UCS2130 | ||
| 003 | CL-VaPUC | ||
| 008 | 970516e19690000CL |||||||||||||||||spa|d | ||
| 082 | 0 | 4 | |a 344.01 |b HUM |2 21 |
| 100 | |a Humeres Magnan, Héctor |e autor |9 476560 | ||
| 245 | 1 | 0 | |a Apuntes de derecho del trabajo |
| 250 | |a 7a. ed | ||
| 300 | |a 318 p | ||
| 942 | |c BK | ||
| 945 | |d 19970516 00:00:00 |a lriquelm | ||
| 260 | |a Santiago |b Jurídica de Chile |c 1969 | ||
| 650 | 7 | |a DERECHO LABORAL |2 CL-VaPUC |9 15 | |
| 650 | 0 | |a Igualdad social |9 358751 | |
| 650 | 7 | |a DERECHOS CIVICOS |2 CL-VaPUC |9 358752 | |
| 650 | 7 | |a POLITICA LABORAL |2 CL-VaPUC |9 319338 | |
| 650 | 0 | |a Relaciones laborales |9 335971 | |
| 651 | 7 | |a CHILE |2 CL-VaPUC |9 387197 | |
| 583 | |a last modification |c 20170711 04:50:42 |k Rodrigo Vera | ||
| 490 | 0 | |a Apuntes de Clases, 10 | |
| 999 | |c 260122 |d 260120 | ||
| 952 | |0 0 |1 0 |4 0 |6 344_010000000000000_HUM_1969 |7 0 |8 A |9 285743 |a BIBDER |b BIBDER |d 2019-11-19 |i 1856138 |o 344.01 HUM 1969 |p 1856138 |r 2023-01-25 |w 2019-11-19 |y BK |k DER | ||